| 000 | 00606nam a22001937a 4500 | ||
|---|---|---|---|
| 003 | OSt | ||
| 005 | 20250807063930.0 | ||
| 008 | 250807b |||||||| |||| 00| 0 eng d | ||
| 020 | _a9786219509633 | ||
| 040 |
_aDWC-Main Lib _cOC |
||
| 082 | _aFil. 657.044 M645i 2022 | ||
| 100 | _aMillan, Zeus Vernon B. | ||
| 245 |
_aIntermediate accounting 3/ _cZeus Vernon B. Millan |
||
| 250 | _a2022 edition | ||
| 260 |
_aBaguio City, Philippines : _bBandolin Enterprise, _cc2022. |
||
| 300 |
_axvi, 690 pages : _billustrations ; _c22cm. |
||
| 650 | _a1. Accounting. | ||
| 942 |
_2ddc _cBK - FIL _e2022 edition _kFil. _n0 |
||
| 999 |
_c3947 _d3947 |
||